| 000 | 00667nam a2200229 i 4500 | ||
|---|---|---|---|
| 001 | 130600 | ||
| 003 | ES-MaACL | ||
| 005 | 20250724074556.0 | ||
| 007 | t| | ||
| 008 | 070801s1975 sp ||||1| spa d | ||
| 100 | 1 |
_aZariski, Oscar. _9118078 |
|
| 245 | 1 | 0 |
_aCommutative algebra / _cOscar Zariski, Pierre Samuel. |
| 260 |
_aNew York : _bSpringer, _c1975. |
||
| 300 |
_a1 v. ; _c25 cm. |
||
| 490 | 1 | _aGraduate texts in mathematics | |
| 505 | 8 | _aEs el vol. II | |
| 650 | 7 |
_aÁlgebra _2embne _99720 |
|
| 700 | 1 |
_aSamuel, Pierre. _9102216 |
|
| 830 | 0 |
_aGraduate texts in mathematics _9219480 |
|
| 852 |
_aES-MaACL _jP-419 _bR.95417 |
||
| 999 |
_c130600 _d130600 |
||